Famous People from Bangor by Picture - Statistics

General Stats
  • This quiz has been taken 5 times
  • The average score is 11 of 52
Answer Stats
Picture Hint Answer % Correct
Author (born 1977) Owen King
60%
U.S. Senator (born 1952) Susan Collins
60%
Spouse of the Australian Prime Minister (1915-1983) Bettina Gorton
40%
U.S. Vice President, Governor, Senator & U.S. Representative (1809-1891) Hannibal Hamlin
40%
Drummer (1905-1985) Johnny Williams
40%
Cyclist (born 1981) Adam Craig
20%
U.S. Senator (1857-1946) Arthur R. Gould
20%
Writer (1847-1898) Blanche Willis Howard
20%
Comedian (born 1967) Bob Marley
20%
Baseball Coach (born 1958) Brian Butterfield
20%
Children's Author (born 1947) Bruce McMillan
20%
Navy Vice Admiral (1895-1953) Carl Frederick Holden
20%
U.S. Representative & Naval Officer (1839-1901) Charles A. Boutelle
20%
Actor (1949-2005) Charles Rocket
20%
Football Player (born 1995) Colby Wadman
20%
Singer (born 1989) Courtney LaPlante
20%
Poet (born 1954) David Baker
20%
Governor & Mayor (1802-1877) Edward Kent
20%
Kingdom of Hawaii Minister & U.S. Representative (1804-1883) Elisha H. Allen
20%
Mixed Martial Artist (born 1981) Emily Kagan
20%
Writer (1846-1924) Eugene T. Sawyer
20%
Actor (1891-1966) Everett Glass
20%
Governor (1864-1921) Frederic Hale Parkhurst
20%
Governor (1865-1943) Frederick W. Plaisted
20%
Governor & U.S. Representative (1828-1898) Harris M. Plaisted
20%
Poet (1865-Unknown) Helen Maud Merrill
20%
Singer-Songwriter (born 1981) Howie Day
20%
Baseball Coach (born 1954) Jack Leggett
20%
Basketball Player (born 1962) Jeff Turner
20%
Hockey Player (born 1981) Joe DiSalvatore
20%
Writer (born 1972) Joe Hill
20%
Governor & U.S. Representative (born 1955) John Baldacci
20%
Governor & U.S. Representative (born 1948) John R. McKernan Jr.
20%
TV Journalist (born 1969) Kate Snow
20%
Mixed Martial Artist & Boxer (born 1973) Marcus Davis
20%
Swimmer (born 1933) Mary Freeman
20%
Football Player (born 1985) Matthew Mulligan
20%
Baseball Player (born 1976) Matt Kinney
20%
Football Coach (born 1977) Nat Clark
20%
Dramatist (1874-1956) Owen Davis
20%
Green Party Vice Presidential & Gubernatorial Candidate (born 1960) Pat LaMarche
20%
Stage Actor & Comedian (1854-1909) Richard Golden
20%
Governor (1903-1987) Robert Haskell
20%
U.S. Representative (1812-1875) Samuel F. Hersey
20%
Archaeologist & Egyptologist (born 1978) Sarah Parcak
20%
Writer & Actor (1948-2024) Tim Sullivan
20%
Army Lt. General (born 1929) Walter F. Ulmer
20%
Actor (1937-2018) Wayne Maunder
20%
Secretary of Defense, Senator & U.S. Representative (born 1940) William Cohen
20%
Governor & U.S. Representative (1779-1846) William D. Williamson
20%
Army Air Force Officer (1909-1993) Donald Norton Yates
0%
Golfer (born 1943) Sandra Palmer
0%
No matching quizzes found
Score Distribution
Percent of People with Each Score
Percentile by Number Answered
Your Score History
You have not taken this quiz